[Event "DEM U14w 2022"]
[Site "Willingen GER"]
[Date "2022.06.11"]
[Round "9"]
[White "Peglau, Dora"]
[Black "Englert, Lin"]
[Result "1/2-1/2"]
[Termination "normal"]
[Board "1"]
[WhiteElo "2008"]
[BlackElo "1503"]
[WhiteClock "01:28:12"]
[BlackClock "01:20:48"]
[PlyCount "44"]
[WhiteFideId "16220005"]
[BlackFideId "16226410"]
[EventCountry "GER"]
[EventRounds "9"]
[EventType "swiss"]
[EventDate "2022.06.04"]

1. e4 {[%clk 1:30:58]} c5 {[%clk 1:30:55]} 2. Nf3 {[%clk 1:31:23]} Nc6 {[%clk
1:31:19]} 3. d4 {[%clk 1:31:49]} cxd4 {[%clk 1:31:33]} 4. Nxd4 {[%clk 1:32:13]}
g6 {[%clk 1:31:44]} 5. c4 {[%clk 1:32:39]} Bg7 {[%clk 1:31:53]} 6. Be3 {[%clk
1:33:00]} Nf6 {[%clk 1:31:48]} 7. Nc3 {[%clk 1:33:22]} d6 {[%clk 1:31:14]} 8.
f3 {[%clk 1:33:34]} O-O {[%clk 1:31:05]} 9. Be2 {[%clk 1:33:51]} Nxd4 {[%clk
1:26:32]} 10. Bxd4 {[%clk 1:34:09]} Bd7 {[%clk 1:23:33]} 11. O-O {[%clk
1:34:10]} Bc6 {[%clk 1:23:14]} 12. Qd2 {[%clk 1:31:37]} Nd7 {[%clk 1:21:56]}
13. Rfd1 {[%clk 1:28:20]} Bxd4+ {[%clk 1:20:27]} 14. Qxd4 {[%clk 1:28:20]} Qb6
{[%clk 1:20:50]} 15. Qxb6 {[%clk 1:28:04]} Nxb6 {[%clk 1:21:10]} 16. Nd5 {[%clk
1:26:26]} Nxd5 {[%clk 1:20:35]} 17. cxd5 {[%clk 1:26:46]} Bd7 {[%clk 1:20:51]}
18. Rac1 {[%clk 1:27:10]} Rac8 {[%clk 1:21:04]} 19. Kf2 {[%clk 1:27:13]} Rxc1
{[%clk 1:20:11]} 20. Rxc1 {[%clk 1:27:39]} Rc8 {[%clk 1:20:37]} 21. Rxc8+
{[%clk 1:28:04]} Bxc8 {[%clk 1:21:01]} 22. Ke3 {[%clk 1:28:12]} Bd7 {[%clk
1:20:48]} 1/2-1/2

[Event "DEM U14w 2022"]
[Site "Willingen GER"]
[Date "2022.06.11"]
[Round "9"]
[White "Bezsonna, Polina"]
[Black "Bräutigam, Katerina"]
[Result "1/2-1/2"]
[Termination "normal"]
[Board "3"]
[WhiteElo "1511"]
[BlackElo "1797"]
[WhiteClock "00:00:43"]
[BlackClock "00:23:04"]
[PlyCount "82"]
[WhiteFideId "14191156"]
[BlackFideId "16242980"]
[EventCountry "GER"]
[EventRounds "9"]
[EventType "swiss"]
[EventDate "2022.06.04"]

1. e4 {[%clk 1:30:58]} e5 {[%clk 1:30:57]} 2. Nf3 {[%clk 1:31:15]} Nc6 {[%clk
1:31:22]} 3. d4 {[%clk 1:31:34]} exd4 {[%clk 1:31:47]} 4. Bc4 {[%clk 1:31:58]}
Bc5 {[%clk 1:32:10]} 5. O-O {[%clk 1:31:41]} d6 {[%clk 1:31:11]} 6. h3 {[%clk
1:30:59]} Nge7 {[%clk 1:21:42]} 7. Nbd2 {[%clk 1:22:01]} Ng6 {[%clk 1:06:45]}
8. Nb3 {[%clk 1:17:43]} Nge5 {[%clk 1:05:07]} 9. Bb5 {[%clk 1:13:53]} O-O
{[%clk 0:52:15]} 10. Nfxd4 {[%clk 1:04:05]} Nxd4 {[%clk 0:51:24]} 11. Nxd4
{[%clk 1:04:24]} Qf6 {[%clk 0:49:07]} 12. Ne2 {[%clk 0:47:26]} Qg6 {[%clk
0:43:09]} 13. Bd3 {[%clk 0:44:35]} Qh5 {[%clk 0:25:37]} 14. Nf4 {[%clk
0:41:10]} Qh4 {[%clk 0:21:34]} 15. Qh5 {[%clk 0:37:44]} Qxh5 {[%clk 0:17:26]}
16. Nxh5 {[%clk 0:38:07]} Nxd3 {[%clk 0:15:15]} 17. cxd3 {[%clk 0:38:30]} f5
{[%clk 0:15:12]} 18. Bd2 {[%clk 0:30:15]} fxe4 {[%clk 0:13:59]} 19. dxe4 {[%clk
0:30:39]} Bd7 {[%clk 0:12:40]} 20. a4 {[%clk 0:28:16]} Bc6 {[%clk 0:10:18]} 21.
Bc3 {[%clk 0:27:46]} a6 {[%clk 0:08:08]} 22. Nxg7 {[%clk 0:23:18]} Kf7 {[%clk
0:02:36]} 23. Rfe1 {[%clk 0:14:26]} Rg8 {[%clk 0:00:33]} 24. Nf5 {[%clk
0:12:01]} Rg6 {[%clk 0:00:36]} 25. Nd4 {[%clk 0:06:25]} Rag8 {[%clk 0:00:43]}
26. g3 {[%clk 0:05:22]} Bd7 {[%clk 0:00:35]} 27. Kh2 {[%clk 0:04:39]} Rh6
{[%clk 0:00:37]} 28. h4 {[%clk 0:03:54]} Rf6 {[%clk 0:00:39]} 29. Re2 {[%clk
0:01:28]} Bg4 {[%clk 0:00:38]} 30. Rd2 {[%clk 0:01:31]} Re8 {[%clk 0:00:36]}
31. Re1 {[%clk 0:01:30]} Kg8 {[%clk 0:00:32]} 32. f4 {[%clk 0:01:08]} Bxd4
{[%clk 0:00:33]} 33. Bxd4 {[%clk 0:01:32]} Rfe6 {[%clk 0:00:44]} 34. e5 {[%clk
0:01:48]} dxe5 {[%clk 0:00:35]} 35. Bxe5 {[%clk 0:01:47]} R6e7 {[%clk 0:00:38]}
36. Rc1 {[%clk 0:01:50]} c6 {[%clk 0:00:36]} 37. Rc4 {[%clk 0:01:26]} h5 {[%clk
0:00:32]} 38. Rcd4 {[%clk 0:01:12]} Kf7 {[%clk 0:00:37]} 39. a5 {[%clk
0:00:55]} Be6 {[%clk 0:00:33]} 40. b4 {[%clk 0:00:47]} Kg6 {[%clk 0:00:32]} 41.
Kg2 {[%clk 0:00:43]} Bg4 {[%clk 0:23:04]} 1/2-1/2